LEADER 01035nas a2200229 i 4500 001 000000136919 003 CaOOAMICUS 005 20100923000000.0 008 050404b2003 it uu s u0 0mul r 013 $a110656 040 $aSeMil$bita 100 1 $aSanta Sede : Sacra Congregazione per il Clero.$0(OLS)http://semarc/name/2439 245 10$aClerus :$bPresbiteri, Diaconi, Catechesi /$cCongregazione per il Clero. 260 $aVaticano :$bCongregazione per il Clero,$ccopyr. 2003. 300 $a1 CD-ROM. 500 $aLingue : italiano, francese, spagnolo, inglese, tedesco. - Titolo della custodia. - Sull'etichetta : Clerus Smart-CD. 773 0 $tSacrum Ministerium.$dRoma : [s.n.], 1995.$w()3149 850 $aSeMil 852 $aSeMil$W1$xVenegono$y1$m205 6 28 CD$j90493$B90493$CSeMilBibl$Z2$F95330 $85 961 $aCambio: Scuola Cattolica 996 $6245$aClerus :$bPresbiteri, Diaconi, Catechesi$9(OLS)http://semarc/title/200055 996 $6260$aVaticano :$bCongregazione per il Clero$9(OLS)http://semarc/publisher/47017 LEADER 01293nam a2200277 4500 001 000000353951 003 CaOOAMICUS 005 20250910164059.0 008 230524s2022 it a 000 u ita r 020 $a979-12-5975-213-0 040 $aSeMil$bita 110 2 $aCaritas diocesana .$0(OLS)http://semarc/name/93055 245 10$a31. Rapporto immigrazione 2022 :$bcostruire il futuro con i migranti /$cCaritas e Migrantes. 264 1$aTodi (PG) :$bTau Editrice,$cstampa 2022. 300 $a203 p. :$bill. ;$c26 cm 650 4$aImmigrazione - Italia - Rapporti informativi.$0(OLS)http://semarc/subject/53933 650 4$aImmigrati - Italia - Rapporti informativi.$0(OLS)http://semarc/subject/34297 710 0 $aConferenza Episcopale Italiana : Fondazione Migrantes.$0(OLS)http://semarc/name/44288 850 $aSeMil 852 $aSeMil$W1$xVenegono$y1$m3YY IV 3/31$j261683$B245166$CSeMilBibl$Z2$F245166 $81 941 1 $a7 961 $aOmaggio mons. Mario Delpini 996 $6020$a979-12-5975-213-0$9(OLS)http://semarc/number/298237 996 $6245$a31. Rapporto immigrazione 2022 :$bcostruire il futuro con i migranti$9(OLS)http://semarc/title/444098 996 $6264$aTodi (PG) :$bTau Editrice$9(OLS)http://semarc/publisher/35322 LEADER 01094nam a2200241 i 4500 001 000000252922 003 CaOOAMICUS 005 20170214000000.0 008 170214s1683 xx u000 u lat u 013 $a231827 026 $a7.3. j.m- a-us alue (3) 1683 (R) 040 $aSeMil$bita 245 10$aConstitutiones Collegii, ac Bibliothecae Ambrosianae. 260 $aMediolani :$bEx Typographia Haer. Antonij Malatestae,$c1683. 300 $a47, [1] p. ;$c4°. 500 $aSegn. : [A]4-F4. - Fregio xilogr. sul front. - Front. in cornice. 650 4$aMilano - Biblioteca Ambrosiana.$0(OLS)http://semarc/subject/12981 700 1 $aMalatesta, Antonio,$c.$0(OLS)http://semarc/name/7865 710 0 $aBiblioteca Ambrosiana .$0(OLS)http://semarc/name/169 850 $aSeMil 852 $aSeMil$W1$xVenegono$y1$m3O V 48 FA$j203268$B203268$CSeMilBibl$Z2$F215992 $8I 996 $6245$aConstitutiones Collegii, ac Bibliothecae Ambrosianae$9(OLS)http://semarc/title/343446 996 $6260$aMediolani :$bEx Typographia Haer. Antonij Malatestae$9(OLS)http://semarc/publisher/57482 LEADER 01882nam a2200349 i 4500 001 000000349912 003 CaOOAMICUS 005 20251231075442.0 008 220404s2021 be u000 u eng u 020 $a978-90-429-4459-6 040 $aSeMil$bita 041 1 $aeng$aarm 100 0 $aStep?annos : Siwnec?i,$d<685?-735>.$0(OLS)http://semarc/name/115722 245 14$aThe Genesis commentary by Step'anos of Siwnik' (dub.) /$cedition, translation and comments by Michael E. Stone ; with additional annotations by Sh. Efrati. 264 1$aLovanii :$bIn aedibus Peeters,$c2021. 300 $aXIII, 229 p. ;$c25 cm 490 1 $aCorpus Scriptorum Christianorum Orientalium. Scriptores Armeniaci ;$v32 490 1 $aCorpus Scriptorum Christianorum Orientalium ;$v695 504 $aBibliographie, p. [IX]-XIII 546 $aTesto armeno e traduzione inglese a fronte 650 4$aBibbia. Antico Testamento. Genesi - Traduzioni armene.$0(OLS)http://semarc/subject/52024 650 4$aBibbia. Antico Testamento. Genesi - Commentari, studi, critica, interpretazioni.$0(OLS)http://semarc/subject/344 700 1 $aStone, Michael Edward,$d<1938- >.$0(OLS)http://semarc/name/10074 700 1 $aEfrati, Mosheh Zevi.$0(OLS)http://semarc/name/115723 830 0$aCorpus Scriptorum Christianorum Orientalium ;$v695.$0(OLS)http://semarc/title/77 830 0$aCorpus Scriptorum Christianorum Orientalium. Scriptores Armeniaci ;$v32.$0(OLS)http://semarc/title/9541 850 $aSeMil 852 $aSeMil$W1$xVenegono$y1$m2TA A 695$j232228$B240944$CSeMilBibl$Z2$F240944 $81 996 $6020$a978-90-429-4459-6$9(OLS)http://semarc/number/295634 996 $6245$aThe Genesis commentary by Step'anos of Siwnik' (dub.)$9(OLS)http://semarc/title/439569 996 $6264$aLovanii :$bIn aedibus Peeters$9(OLS)http://semarc/publisher/30114